| Tag |
First Indicator |
Second Indicator |
Subfields |
| LEADER |
00000cam a2200000 4500 |
| 001 |
in00000051500 |
| 005 |
20151007071959.0 |
| 008 |
800604s1918 gw f 00010 ger d |
| 035 |
|
|
|a (OCoLC)06388271
|
| 035 |
|
|
|9 AAE7005AM
|
| 040 |
|
|
|a TXA
|c TXA
|d UtOrBLW
|
| 049 |
|
|
|a TXAM
|c [81939]
|
| 090 |
|
|
|a QL841
|b B32 1918
|
| 092 |
|
|
|a 591.74
|b B347ymp
|
| 100 |
1 |
|
|a Baum, Hermann,
|d 1864-1932.
|
| 245 |
1 |
4 |
|a Das lymphgefasssystem des hundes /
|c von ... Hermann Baum ...
|
| 264 |
|
1 |
|a Berlin :
|b J. Springer,
|c 1918.
|
| 300 |
|
|
|a 2 pages ., 130 pages :
|b 20 plates.
|
| 336 |
|
|
|a text
|b txt
|2 rdacontent
|
| 337 |
|
|
|a unmediated
|b n
|2 rdamedia
|
| 338 |
|
|
|a volume
|b nc
|2 rdacarrier
|
| 650 |
|
0 |
|a Lymphatics.
|
| 650 |
|
0 |
|a Dogs.
|
| 999 |
|
|
|a MARS
|
| 999 |
f |
f |
|s 3bf023af-b209-391f-af2a-058858579fee
|i 2566f6df-c6ca-3752-aab9-cce640f01277
|t 0
|
| 952 |
f |
f |
|p ric
|a Texas A&M University
|b Rellis Campus
|c Joint Library Facility
|d Remote Storage
|t 0
|e QL841 .B32 1918
|h Library of Congress classification
|i unmediated -- volume
|m A14801008781
|
| 998 |
f |
f |
|a QL841 .B32 1918
|t 0
|l Remote Storage
|